| 000 | 01609 a2200217 4500 | ||
|---|---|---|---|
| 001 | 58662 | ||
| 005 | 20260407155842.0 | ||
| 008 | 260407a1979 arg spa d | ||
| 003 | AR-UNSa-BCEJYS | ||
| 040 |
_aAR-UNSa-BCEJYS _bspa _cAR-UNSa-BCEJYS |
||
| 080 |
_a369(094.5) _xLegislación de Previsión Social |
||
| 245 | 1 | 0 | _aLeyes de previsión social |
| 264 | 1 |
_aBuenos Aires : _bEdiciones Contabilidad Moderna _c1979 |
|
| 300 |
_a2 v. (516 ; 523 p.) _c26 cm. |
||
| 505 | _a1. Constitución nacional y normas generales – 2. Régimen para trabajadores en relación de dependencia – 3. Régimen para trabajadores autónomos – 4. Normas reglamentarias generales – 5. Regímenes especiales – 6. Regímenes generales anteriores – 7. Afiliación y aportes – 8. Convenios de corresponsabilidad gremial – 9. Determinación, monto y pago de los beneficios – 10. Pensiones no contributivas – 11. Tramitación de los beneficios – 12. Régimen contencioso – 13. Retiros y pensiones militares y de fuerzas de seguridad – 14. Deudas con las cajas, moratorias. Planes de pago - 15. Servicios sociales, asignaciones familiares y subsidio por sepelio – 16. Fiscalización y sanciones – 17. Organización administrativa – 18. Cartas, declaraciones y convenciones internacionales – 19. Constitución y convenios de la organización internacional del trabajo – 20. Acuerdos internacionales de reciprocidad – 21. Jurisprudencia | ||
| 041 | _aspa | ||
| 942 | _cBK | ||
| 590 | _aniveau_biblio:m niveau_hierar:0 | ||
| 100 | 1 | _aPodetti, Humbero A. | |
| 700 | 1 | _aFernández Madrid, Juan Carlos | |
| 999 |
_c6480 _d6480 |
||